Celosvětový výzkum trhu - a jak jsme na tom my?

Informácie o svetovom výskume trhu. Ktoré štáty sú lídrami v oblasti výskumu trhu. Kto sú zadávatelia výskumu trhu. Štruktúra použitých výskumných metód. Ktoré nadnárodné výskumné skupiny vládnu svetovému výskumu trhu.

Saved in:
Bibliographic Details
Main Author: Zahradníček, Stanislav
Format: Book Chapter
Language:Czech
Subjects:
Tags: Add Tag
No Tags, Be the first to tag this record!

MARC

LEADER 00000naa$a2200000$$$4500
001 0050405
005 20231016105219.8
041 0 |a cze 
044 |a CZ 
245 1 0 |a Celosvětový výzkum trhu - a jak jsme na tom my?  |c Stanislav Zahradníček 
520 |a Informácie o svetovom výskume trhu. Ktoré štáty sú lídrami v oblasti výskumu trhu. Kto sú zadávatelia výskumu trhu. Štruktúra použitých výskumných metód. Ktoré nadnárodné výskumné skupiny vládnu svetovému výskumu trhu. 
610 2 0 |a trh 
610 2 0 |a výskum trhu 
610 2 0 |a svet 
610 2 0 |a prieskum spotrebiteľský 
610 2 0 |a metódy výskumu 
100 1 |a Zahradníček, Stanislav